| 000 | 00858cam a2200193 a 4500 | ||
|---|---|---|---|
| 020 | _a0309033209 (pbk.) | ||
| 082 | 0 | 0 |
_a380.5 s _a625.85 _bNAT _cDonation |
| 245 | 0 | 0 | _aAsphalts, asphalt mixtures, and additives. |
| 260 |
_aWashington, D.C. : _bTransportation Research Board, National Research Council, National Academy of Sciences, _c1982. |
||
| 300 |
_av, 126 p. : _bill. ; _c28 cm. |
||
| 500 | _aPapers sponsored by the board's Group 2--Design and Construction of Transportation Facilities, Bituminous Section, Committee on Characteristics of Bituminous Materials [and others] | ||
| 526 |
_a0 _b0 _c0 _d380_500000000000000_S_NAT |
||
| 650 | 0 |
_aAsphalt. _921214 |
|
| 650 | 0 |
_aMCE _9379 |
|
| 650 | 0 |
_aPavements, Asphalt. _921213 |
|
| 710 | 2 |
_aNational Research Council (U.S.). _920017 |
|
| 710 | 2 |
_aNational Research Council (U.S.). _920017 |
|
| 942 |
_2ddc _cBK |
||
| 999 |
_c547745 _d547745 |
||